World Capitals Starting With B (with a semi-empty map) - Statistics

General Stats
  • This quiz has been taken 1,290 times
    339 since last reset
  • The average score is 189 of 196
Answers on the Map
Answers color-coded by a green-red scale on the quiz's map according to % correct below.
 
Answer Stats
capital % Correct
x
100%
Brasília
87%
Brussels
87%
Buenos Aires
86%
Berlin
85%
Beijing
84%
Budapest
82%
Bogotá
80%
Bratislava
80%
Bern
79%
Bucharest
79%
Belgrade
75%
Baghdad
74%
Bangkok
73%
Belmopan
70%
Bamako
68%
Beirut
67%
Bishkek
67%
Baku
66%
Bridgetown
65%
Bloemfontein
60%
Bandar Seri Begawan
59%
Bangui
59%
Brazzaville
58%
Banjul
56%
Bissau
55%
Basseterre
53%
No matching quizzes found
Score Distribution
Percent of People with Each Score
Percentile by Number Answered
Your Score History
You have not taken this quiz since the last reset